| 000 | 01484cam a2200265 4500 | ||
|---|---|---|---|
| 001 | ABS66510 | ||
| 008 | 030326n2003 000 0 eng u | ||
| 035 | _a(Sirsi) u121739 | ||
| 100 | _aCooper, N. | ||
| 245 | _aHow to develop with authority | ||
| 260 | _c2003 | ||
| 490 |
_aEstates Gazette _v(0311) 8 March 2003, 144-145(2) |
||
| 520 | _aIn the light of increased mixed-use development in town centres, considers the relationship between local authorities and developers. Highlights the difference between a local authority's role as landowner and planning authority and emphasises the need to identify whether the property transaction is an outright disposal or a joint venture. Discusses requirements relating to local authority land disposal under the Local Government Act 1972 s123 and looks at compliance with European legislation, advertising in the "Official Journal" and the letting of a public works contract. Expands on the three forms of public works contracts and the contracting procedure. Concludes that successful joint ventures require the mutual understanding of public and private sector needs and responsibilities. | ||
| 590 | _aABS | ||
| 650 | _aLOCAL AUTHORITIES | ||
| 650 | _aDEVELOPERS | ||
| 650 | _aJOINT VENTURES | ||
| 650 | _aLOCAL GOVERNMENT ACT 1972 S123 | ||
| 650 | _aLAND TRANSACTIONS | ||
| 650 | _aPUBLIC WORKS CONTRACTS | ||
| 650 | _aLAND DISPOSAL | ||
| 690 | _aPROPERTY-PROPERTY DEVELOPMENT | ||
| 700 | _aKnott, C. | ||
| 942 | _n0 | ||
| 999 |
_c72352 _d72352 |
||